|
|
|
|
| LEADER |
01880nam a2200529 i 4500 |
| 001 |
nkc20172943191 |
| 003 |
CZ PrNK |
| 005 |
20171211070207.0 |
| 007 |
ta |
| 008 |
171025s2017 xr ab e 001 0 cze |
| 015 |
|
|
|a cnb002943191
|
| 020 |
|
|
|a 978-80-264-1626-5
|q (vázáno) :
|c Kč 690,00
|
| 035 |
|
|
|a (OCoLC)1015189144
|
| 040 |
|
|
|a BOA001
|b cze
|d ABA001
|e rda
|
| 043 |
|
|
|a e-xr---
|
| 072 |
|
7 |
|a 908(437)
|x Vlastivěda Česka a Slovenska
|2 Konspekt
|9 8
|
| 080 |
|
|
|a 77.039
|2 MRF
|
| 080 |
|
|
|a 72:904
|2 MRF
|
| 080 |
|
|
|a 908(437.3)
|2 MRF
|
| 080 |
|
|
|a (084.12)
|2 MRF
|
| 100 |
1 |
|
|a Scheufler, Pavel,
|d 1950-
|7 jn99240001047
|4 aut
|
| 245 |
1 |
0 |
|a 100 pohledů na Česko /
|c Pavel Scheufler, Jan Vaca a kolektiv
|
| 246 |
3 |
|
|a Sto pohledů na Česko
|
| 246 |
3 |
0 |
|a 100 pohledů
|
| 250 |
|
|
|a 1. vydání
|
| 264 |
|
1 |
|a V Brně :
|b CPress,
|c 2017
|
| 300 |
|
|
|a 308 stran :
|b ilustrace (převážně barevné), 1 mapa ;
|c 31 cm
|
| 336 |
|
|
|a text
|b txt
|2 rdacontent
|
| 336 |
|
|
|a statický obraz
|b sti
|2 rdacontent
|
| 337 |
|
|
|a bez média
|b n
|2 rdamedia
|
| 338 |
|
|
|a svazek
|b nc
|2 rdacarrier
|
| 500 |
|
|
|a Obsahuje rejstřík
|
| 650 |
0 |
7 |
|a historické fotografie
|7 ph135159
|z Česko
|2 czenas
|
| 650 |
0 |
7 |
|a architektonické památky
|7 ph118585
|z Česko
|2 czenas
|
| 650 |
0 |
9 |
|a historical photographs
|z Czechia
|2 eczenas
|
| 650 |
0 |
9 |
|a architectural monuments
|z Czechia
|2 eczenas
|
| 651 |
|
7 |
|a Česko
|7 ge128065
|x vlastivěda
|2 czenas
|
| 651 |
|
9 |
|a Czechia
|x history and geography
|2 eczenas
|
| 655 |
|
7 |
|a fotografické publikace
|7 fd132276
|2 czenas
|
| 655 |
|
9 |
|a photographical works
|2 eczenas
|
| 700 |
1 |
|
|a Vaca, Jan,
|d 1975-
|7 jo2002105687
|4 aut
|4 pht
|
| 910 |
2 |
|
|a BOA001
|b 4-1396.328
|
| 928 |
9 |
|
|a Albatros Media - CPress
|
| 990 |
|
|
|a BK
|
| 995 |
|
|
|a 01
|
| 991 |
|
|
|b 201711
|c NOV
|
| 996 |
6 |
|
|b 2610722645
|c 4-1396.328
|l MZK
|r Sklad / do 1 hodiny
|n 1
|p p.v.
|w 001636806
|u 000010
|a 1
|e BOA001
|j MZK50
|s P
|